000 00508nam a2200217Ia 4500
003 OSt
005 20220928141041.0
006 a|||||r|||| 00| 0
007 ta
008 220927b |||||||| |||| 00| 0 eng d
024 _a13172
037 _cTextual
040 _aSDCL
_cSDCL
_beng
041 _2eng
_aeng
082 _aO-,6M88x, L5
100 _aEliot T S
245 0 _aSelected prose.
260 _c1975
942 _hO-,6M88x, L5
_cTEXL
_2CC
999 _c815581
_d815581